| 000 | 00742cam a2200229 a 4500 | ||
|---|---|---|---|
| 001 | 66018 | ||
| 003 | BD-RjUL | ||
| 005 | 20211209081506.0 | ||
| 008 | 680301s1967 at ab b 000 0 eng | ||
| 035 | _a(BD-RjUL)66148 | ||
| 040 |
_aDLC _cDLC _dDLC _dBD-RjUL _beng |
||
| 041 | _aeng | ||
| 082 |
_223 _a591.60994 _bAUS 1967 |
||
| 245 | 1 | 0 |
_aAustralian inland waters and their fauna : _beleven studies / _cedited by A. H. Weatherley. |
| 260 |
_aCanberra : _bAustralian National University Pres _c1967 |
||
| 300 |
_axv, 287 p. : _bill. ; _c25 cm. |
||
| 504 | _aIncludes bibliographies. | ||
| 650 | 0 |
_aZoogeography _zAustralia. _9195282 |
|
| 650 | 0 |
_aFreshwater animals _xAustralia. _9195537 |
|
| 700 |
_aWeatherley, A. H. _9195283 |
||
| 942 |
_2ddc _cBK |
||
| 999 |
_c66018 _d66018 |
||